Project management : Case studies
Project Management Case Studies, Second Edition presents the most comprehensive collection of project management case studies available today. Compiled by Harold Kerzner, the leading authority on project management, it offers more than ninety case studies that illustrate both successful implementati...
Shranjeno v:
| Glavni avtor: | |
|---|---|
| Format: | Knjiga |
| Jezik: | Undetermined |
| Izdano: |
Hoboken, N.J.
John Wiley
2006
|
| Teme: | |
| Oznake: |
Označite
Brez oznak, prvi označite!
|
| Thư viện lưu trữ: | Trung tâm Học liệu Trường Đại học Cần Thơ |
|---|
| LEADER | 01008nam a2200229Ia 4500 | ||
|---|---|---|---|
| 001 | CTU_163655 | ||
| 008 | 210402s9999 xx 000 0 und d | ||
| 020 | |c 15.00 | ||
| 082 | |a 658.404 | ||
| 082 | |b K39 | ||
| 100 | |a Kerzner, Harold | ||
| 245 | 0 | |a Project management : | |
| 245 | 0 | |b Case studies | |
| 245 | 0 | |c Harold Kerzner | |
| 260 | |a Hoboken, N.J. | ||
| 260 | |b John Wiley | ||
| 260 | |c 2006 | ||
| 520 | |a Project Management Case Studies, Second Edition presents the most comprehensive collection of project management case studies available today. Compiled by Harold Kerzner, the leading authority on project management, it offers more than ninety case studies that illustrate both successful implementation of project management by actual companies and pitfalls to avoid in a variety of real-world situations. | ||
| 650 | |a Project management,Quản trị dự án | ||
| 650 | |x Case studies,Nghiên cứu | ||
| 904 | |i Qhieu | ||
| 980 | |a Trung tâm Học liệu Trường Đại học Cần Thơ | ||